000 00606nam a22002297a 4500
003 UA-OsUOA
001 93028
007 ta
008 20130110b un ||||| |||| 00| 0 ukr d
100 _aБаруздін С.
090 _a821.161.1
_bБ26
942 _cBK
040 _aUA-OsUOA
_bukr
_cUA-OsUOA
_dUA-OsUOA
245 _aВірити і пам'ятати
_bповісті
300 _a474 с.
955 _a3
041 _aukr
080 _a821.161.1
260 _aК.
_bДніпро
_c1986
650 7 _a82 Література. Літературознавство
_2UDC
999 _c378905
_d378905